000 00850nam a22002417a 4500
999 _c2330
_d2330
003 AR-CdUCM
008 190304b ||||| |||| 00| 0 spa d
040 _aMUNICIPALIDAD PROVINCIAL DEL CUSCO
_cBIBLIOTECA MUNICIPAL DEL CUSCO
082 _a365.6 /
_bM26
100 _aMartiarena Gutiérrez, Valerio
_98395
245 _aCorrupción en política carcelaria :
_bPropuestas hacia la real aplicación del sistema penitenciario /
260 _aCusco :
_c1958.
300 _a272 paginas ;
_c20 cm.
505 _aEl nuevo servidor penitenciario --Internos --Clasificación Tratamiento ...
650 _aPresos
_98396
650 _aDerechos civiles
_98397
650 _aPrisiones
_98398
650 _aAdministración
_94472
650 _aAspectos políticos
_98399
650 _aRégimen penitenciario
_98400
942 _2ddc
_cLIBROS
945 _arjall